000 00604nam a2200229 i 4500
001 C2-0097793
003 PPAK
005 20180727094234.0
008 970525s1983 enka|||| ||||| | eng d
040 _aPPAK
_beng
_cPPAK
_erda
082 0 4 _a639.9
_223
090 0 0 _a639.9
_bSOO
_dR
100 1 _aSoothill, Eric,
_eauthor
245 1 0 _aRoadside and wasteland
264 1 _aLondon :
_bLongman ,
_c1983
300 _a28 pages :
_bcolour illustrations ;
_c26 cm
336 _2rdacontent
_atext
337 _2rdamedia
_aunmediated
338 _2rdacarrier
_avolume
700 _eauthor
942 _ddc
_cB
999 _c21566
_d21566